000 00178nam a22000857a 4500
020 _a0736423109
245 _aMother Goose
260 _aNew York
_bA Golden Book
_c1952
942 _cBK
999 _c266034
_d266033